Talking In Your Sleep - The Romantics (All Lyrics) - Statistics

General Stats
  • This quiz has been taken 23 times
  • The average score is 313 of 341
Answer Stats
Talking In Your Sleep % Correct
a
100%
and
100%
And
100%
hear
100%
I
100%
in
100%
sleep
100%
talking
100%
you
100%
Pre-Chorus You
100%
your
100%
keep
94%
know
94%
love
94%
me
94%
need
94%
secrets
94%
tell
94%
that
94%
the
94%
Verse 1 | Verse 2 | Verse 3 When
94%
go
88%
i'm
88%
night
88%
right
88%
to
88%
want
88%
you're
88%
You're
88%
close
82%
eyes
82%
it
82%
about
76%
can
76%
heart
76%
heartbeat
76%
asleep
71%
at
71%
Cause
71%
my
71%
dreaming
65%
fall
65%
it's
65%
of
65%
sound
65%
things
65%
comes
59%
down
59%
hold
59%
out
59%
spotlight
59%
telling
59%
arms
53%
dreams
53%
open
53%
truth
53%
up
53%
Everything
47%
hide
47%
inside
47%
all
41%
can't
41%
just
41%
Don't
35%
mystery
35%
is
29%
sleeping
29%
No matching quizzes found
Score Distribution
Percent of People with Each Score
Percentile by Number Answered
Your Score History
You have not taken this quiz